Reklama ako významný nástroj medzinárodnej marketingovej komunikáie bakalárska práca

Uložené v:
Podrobná bibliografia
Hlavný autor: Lazarová, Romana
Korporativný autor: Obchodná fakulta EU. Katedra medzinárodného obchodu
Ďalší autori: Farkašová, Nora
Médium: Kniha
Jazyk:Slovak
Vydavateľské údaje: Bratislava 2009
Tagy: Pridať tag
Žiadne tagy, Buďte prvý, kto otaguje tento záznam!

MARC

LEADER 00000nam$a2200000$$$4500
001 0103549
005 20240318133834.8
041 0 |a slo 
044 |a SK 
245 1 0 |a Reklama ako významný nástroj medzinárodnej marketingovej komunikáie  |b bakalárska práca  |c Romana Lazarová ; škol. Nora Farkašová 
264 1 |a Bratislava  |c 2009 
300 |a 55 s. 
100 1 |a Lazarová, Romana 
700 1 |a Farkašová, Nora 
710 2 |a Obchodná fakulta EU. Katedra medzinárodného obchodu